000 00746nam a2200229Ia 4500
003 OSt
005 20220923215413.0
006 a|||||r|||| 00| 0
007 ta
008 220922b |||||||| |||| 00| 0 hin d
024 _a178,400
037 _cTextual
040 _aARTS
_cARTS
_bhin
041 _2hin
_ahin
082 _aO152,1M50,16, L7-;14 (WPH)
100 _aभारतेन्दु हरिश्चन्द्र
245 0 _aनील देवी
246 _aNīl devī
260 _aदिल्ली
_b राजेश प्रकाशन
_c1977
942 _hO152,1M50,16, L7-;14 (WPH)
_cTEXL
_2CC
999 _c331782
_d331782